| 000 | 00729cam a2200253 4500 | ||
|---|---|---|---|
| 001 | E1341 | ||
| 008 | 090401t1992 xxu||||| |||| 00| 0 eng d | ||
| 035 | _a(Sirsi) u95691 | ||
| 041 | _aeng | ||
| 110 |
_aRoyal Institution of Chartered Surveyors _bScotland _93082 |
||
| 245 | _aDraft National Planning Policy Guideline, Land for mineral Working. | ||
| 260 |
_aEdinburgh _bRICS _c1992 |
||
| 300 | _a2p. | ||
| 350 | _a0 | ||
| 490 | _aRICS Memorandum | ||
| 490 |
_aSPPA/REPORT _v(92)35 |
||
| 520 | _a27 October 1992. | ||
| 650 | _aDRAFT NATIONAL PLANNING POLICY GUIDELINES | ||
| 650 | _aMINERAL WORKING | ||
| 650 | _aNATIONAL PLANNING POLICY | ||
| 690 | _aPLANNING LAW AND PRACTICE | ||
| 942 | _n0 | ||
| 948 | _c04/03/1997 | ||
| 999 |
_c98551 _d98551 |
||